000
00295nam a2200121Ia 4500
999
_c
5582
_d
5582
008
200103s2007||||xx |||||||||||||| ||und||
020
_a
9788181473325
100
_a
McGeorge, H. D.
245
0
_a
Marine auxiliary machinery
260
_b
Elsevier
_c
2007
_a
New Delhi
300
_a
514p.
942
_c
BK